000 01099nam a22002177a 4500
999 _c57725
_d57725
003 Ge_BSU
005 20201015134246.0
008 201015s2019 ge ||||| |||| 00| 0 geo d
020 _a9789941256592
041 _ageo
080 _a347.611.61/64 შ-48
100 _aშენგელია, რომან
_9909
245 _aსაოჯახო და მემკვიდრეობის სამართალი :
_b(თეორია და პრაქტიკა) /
_cრომან შენგელია, შენგელია, ეკატერინე. რედაქტორები ჯონი ხეცურიანი, ლადო ჭანტურია.
250 _aმესამე გამოცემა
264 _aთბილისი :
_bმერიდიანი,
_c2019.
300 _a494 გვ.
_b21 სმ.
653 _aსამართალი
653 _aსაოჯახო სამართალი
700 _aშენგელია, ეკატერინე
_eავტორი
_9811
942 _2udc
_cBK